<?xml version="1.0" encoding="UTF-8"?>
<record
    xmlns:xsi="http://www.w3.org/2001/XMLSchema-instance"
    xsi:schemaLocation="http://www.loc.gov/MARC21/slim http://www.loc.gov/standards/marcxml/schema/MARC21slim.xsd"
    xmlns="http://www.loc.gov/MARC21/slim">

  <leader>01732nam a22002897a 4500</leader>
  <controlfield tag="003">NALT</controlfield>
  <controlfield tag="005">20260310140644.0</controlfield>
  <controlfield tag="008">230719b        th ||||| |||| 00| 0 tha d</controlfield>
  <datafield tag="040" ind1=" " ind2=" ">
    <subfield code="a">NALT</subfield>
  </datafield>
  <datafield tag="050" ind1=" " ind2=" ">
    <subfield code="a">BQ 915</subfield>
    <subfield code="b">&#xE1E;835 2557</subfield>
  </datafield>
  <datafield tag="245" ind1="0" ind2="0">
    <subfield code="a">&#xE1E;&#xE38;&#xE17;&#xE18;&#xE27;&#xE08;&#xE19; : </subfield>
    <subfield code="n">&#xE09;&#xE1A;&#xE31;&#xE1A; 11 &#xE20;&#xE1E;&#xE20;&#xE39;&#xE21;&#xE34; /</subfield>
    <subfield code="c">&#xE08;&#xE31;&#xE14;&#xE17;&#xE33;&#xE42;&#xE14;&#xE22; &#xE21;&#xE39;&#xE25;&#xE19;&#xE34;&#xE18;&#xE34;&#xE1E;&#xE38;&#xE17;&#xE18;&#xE42;&#xE06;&#xE29;&#xE13;&#xE4C;.</subfield>
  </datafield>
  <datafield tag="246" ind1="3" ind2="4">
    <subfield code="a">&#xE1E;&#xE38;&#xE17;&#xE18;&#xE27;&#xE08;&#xE19; - &#xE2B;&#xE21;&#xE27;&#xE14;&#xE18;&#xE23;&#xE23;&#xE21; &#xE40;&#xE1B;&#xE34;&#xE14;&#xE18;&#xE23;&#xE23;&#xE21;&#xE17;&#xE35;&#xE48;&#xE16;&#xE39;&#xE01;&#xE1B;&#xE34;&#xE14; :</subfield>
    <subfield code="b">&#xE20;&#xE1E;&#xE20;&#xE39;&#xE21;&#xE34;.</subfield>
  </datafield>
  <datafield tag="246" ind1="3" ind2="8">
    <subfield code="a">&#xE09;&#xE1A;&#xE31;&#xE1A; 11 &#xE1E;&#xE38;&#xE17;&#xE18;&#xE27;&#xE08;&#xE19; - &#xE2B;&#xE21;&#xE27;&#xE14;&#xE18;&#xE23;&#xE23;&#xE21; &#xE40;&#xE1B;&#xE34;&#xE14;&#xE18;&#xE23;&#xE23;&#xE21;&#xE17;&#xE35;&#xE48;&#xE16;&#xE39;&#xE01;&#xE1B;&#xE34;&#xE14; &#xE20;&#xE1E;&#xE20;&#xE39;&#xE21;&#xE34;.</subfield>
  </datafield>
  <datafield tag="260" ind1=" " ind2=" ">
    <subfield code="a">&#xE1B;&#xE17;&#xE38;&#xE21;&#xE18;&#xE32;&#xE19;&#xE35; :</subfield>
    <subfield code="b">&#xE21;&#xE39;&#xE25;&#xE19;&#xE34;&#xE18;&#xE34;&#xE1E;&#xE38;&#xE17;&#xE18;&#xE42;&#xE06;&#xE29;&#xE13;&#xE4C;,</subfield>
    <subfield code="c">2557.</subfield>
  </datafield>
  <datafield tag="300" ind1=" " ind2=" ">
    <subfield code="a">517, [15] &#xE2B;&#xE19;&#xE49;&#xE32; :</subfield>
    <subfield code="b">&#xE20;&#xE32;&#xE1E;&#xE1B;&#xE23;&#xE30;&#xE01;&#xE2D;&#xE1A; ;</subfield>
    <subfield code="c">17 &#xE0B;&#xE21;.</subfield>
  </datafield>
  <datafield tag="505" ind1="2" ind2=" ">
    <subfield code="a">&#xE20;&#xE1E; -- &#xE2A;&#xE31;&#xE15;&#xE27;&#xE4C; -- &#xE19;&#xE23;&#xE01; -- &#xE2A;&#xE31;&#xE15;&#xE27;&#xE4C;&#xE40;&#xE14;&#xE23;&#xE31;&#xE08;&#xE09;&#xE32;&#xE19; -- &#xE40;&#xE1B;&#xE23;&#xE15;&#xE27;&#xE34;&#xE2A;&#xE31;&#xE22; -- &#xE21;&#xE19;&#xE38;&#xE29;&#xE22;&#xE4C; -- &#xE40;&#xE17;&#xE27;&#xE14;&#xE32; -- &#xE04;&#xE27;&#xE32;&#xE21;&#xE22;&#xE32;&#xE27;&#xE19;&#xE32;&#xE19; &#xE41;&#xE2B;&#xE48;&#xE07;&#xE2A;&#xE31;&#xE07;&#xE2A;&#xE32;&#xE23;&#xE27;&#xE31;&#xE0F; -- &#xE19;&#xE34;&#xE1E;&#xE1E;&#xE32;&#xE19;.</subfield>
  </datafield>
  <datafield tag="650" ind1=" " ind2="4">
    <subfield code="9">23611</subfield>
    <subfield code="a">&#xE1E;&#xE38;&#xE17;&#xE18;&#xE28;&#xE32;&#xE2A;&#xE19;&#xE32;</subfield>
    <subfield code="x">&#xE04;&#xE33;&#xE2A;&#xE31;&#xE48;&#xE07;&#xE2A;&#xE2D;&#xE19; </subfield>
  </datafield>
  <datafield tag="650" ind1=" " ind2="4">
    <subfield code="9">20310</subfield>
    <subfield code="a">&#xE1E;&#xE38;&#xE17;&#xE18;&#xE28;&#xE32;&#xE2A;&#xE19;&#xE32;</subfield>
    <subfield code="x">&#xE23;&#xE27;&#xE21;&#xE40;&#xE23;&#xE37;&#xE48;&#xE2D;&#xE07;</subfield>
  </datafield>
  <datafield tag="650" ind1=" " ind2="4">
    <subfield code="9">20309</subfield>
    <subfield code="a">&#xE18;&#xE23;&#xE23;&#xE21;&#xE30;</subfield>
    <subfield code="x">&#xE23;&#xE27;&#xE21;&#xE40;&#xE23;&#xE37;&#xE48;&#xE2D;&#xE07;</subfield>
  </datafield>
  <datafield tag="650" ind1=" " ind2="4">
    <subfield code="9">4420</subfield>
    <subfield code="a">&#xE18;&#xE23;&#xE23;&#xE21;&#xE30;&#xE01;&#xE31;&#xE1A;&#xE0A;&#xE35;&#xE27;&#xE34;&#xE15;&#xE1B;&#xE23;&#xE30;&#xE08;&#xE33;&#xE27;&#xE31;&#xE19;</subfield>
  </datafield>
  <datafield tag="710" ind1="2" ind2=" ">
    <subfield code="9">61119</subfield>
    <subfield code="a">&#xE21;&#xE39;&#xE25;&#xE19;&#xE34;&#xE18;&#xE34;&#xE1E;&#xE38;&#xE17;&#xE18;&#xE42;&#xE06;&#xE29;&#xE13;&#xE4C;</subfield>
  </datafield>
  <datafield tag="850" ind1=" " ind2=" ">
    <subfield code="a">NALT</subfield>
  </datafield>
  <datafield tag="942" ind1=" " ind2=" ">
    <subfield code="2">lcc</subfield>
    <subfield code="c">GB</subfield>
  </datafield>
  <datafield tag="996" ind1=" " ind2=" ">
    <subfield code="a">kornsiririn.r</subfield>
    <subfield code="b">CATSTF	</subfield>
    <subfield code="c">2023-07-19</subfield>
  </datafield>
  <datafield tag="996" ind1=" " ind2=" ">
    <subfield code="a">phornvitoo</subfield>
    <subfield code="b">CATSTF	</subfield>
    <subfield code="c">2023-08-21</subfield>
  </datafield>
  <datafield tag="999" ind1=" " ind2=" ">
    <subfield code="c">102369</subfield>
    <subfield code="d">102369</subfield>
  </datafield>
  <datafield tag="998" ind1=" " ind2=" ">
    <subfield code="j">8</subfield>
    <subfield code="k"> &#xE19;&#xE32;&#xE22;&#xE1A;&#xE31;&#xE13;&#xE11;&#xE34;&#xE15;  &#xE2D;&#xE38;&#xE17;&#xE32;&#xE27;&#xE07;&#xE04;&#xE4C;</subfield>
  </datafield>
  <datafield tag="952" ind1=" " ind2=" ">
    <subfield code="0">0</subfield>
    <subfield code="1">0</subfield>
    <subfield code="2">lcc</subfield>
    <subfield code="4">0</subfield>
    <subfield code="7">0</subfield>
    <subfield code="8">CSEN</subfield>
    <subfield code="a">NALT</subfield>
    <subfield code="b">NALT</subfield>
    <subfield code="c">GEN</subfield>
    <subfield code="d">2023-07-19</subfield>
    <subfield code="l">2</subfield>
    <subfield code="m">1</subfield>
    <subfield code="o">BQ 915 &#xE1E;835 2557</subfield>
    <subfield code="p">0100006811001</subfield>
    <subfield code="q">2026-03-24</subfield>
    <subfield code="r">2026-03-10 00:00:00</subfield>
    <subfield code="s">2026-03-10</subfield>
    <subfield code="w">2023-07-19</subfield>
    <subfield code="y">GB</subfield>
  </datafield>
</record>
